| 000 | 00660nam a2200193 4500 | ||
|---|---|---|---|
| 001 | 117420 | ||
| 003 | ES-MaACL | ||
| 005 | 20230906190912.0 | ||
| 007 | t| | ||
| 008 | 070214s1972 sp r ||||1| spa d | ||
| 245 | 0 | 3 |
_aLa pequeña y media industria en España _b: (II). |
| 260 |
_aMadrid : _bCentro de Estudios Sociales del Valle de los Caídos, _c1972. |
||
| 300 |
_aXII, 322 p. ; _c22 cm. |
||
| 490 | 1 |
_aAnales de moral social y económica ; _v29 |
|
| 710 | 2 |
_aCentro de Estudios Sociales del Valle de los Caídos. _92674 |
|
| 830 | 0 |
_aAnales de moral social y económica ; _v29 _9182660 |
|
| 852 |
_aES-MaACL _jC-51897 _bR.85597 |
||
| 999 |
_c117420 _d117420 |
||